000 00513nam a22001937a 4500
005 20240424101958.0
008 240424b |||||||| |||| 00| 0 eng d
020 _a978007163849
082 _a618.92
_bDOH-C
100 _aDoherty Gerard M.
245 _aCurrent Diagnoses & Treatment Surgery /
250 _a13th ed.
260 _aindia:
_bMcGraw Hill;
_c2006.
300 _axii,1311p.
_bill.
_c23cm.
500 _ainclude index .
650 _aMedical / Surgery
700 _aGerard M.Doherty
999 _c35586
_d35586